000 00701nam a2200241Ia 4500
003 OSt
005 20220923223714.0
006 a|||||r|||| 00| 0
007 ta
008 220922b |||||||| |||| 00| 0 hin d
024 _a220,367
037 _cTextual
040 _aARTS
_cARTS
_bhin
041 _2hin
_ahin
082 _aO152,1K73:g, P4
100 _aदीनदयाल
_9156280
245 0 _aदेव और उनका भाव विलास
246 _aDev aur unakā bhāv vilāsa
260 _aदिल्ली
_b नवलोक
_c2004
300 _a368i`
_ccm.
942 _hO152,1K73:g, P4
_cTEXL
_2CC
999 _c366848
_d366848